000
00327nam a2200133Ia 4500
008
150301s2009 xx 000 0 und d
082
_a
641
_b
BEN
100
_a
BENDER, I.
245
_a
OXFORD DICTIONARY OF FOOD & NUTRITION
250
_a
1ST
260
_b
SNAB. PUBLISHER PVT. LTD.
_c
2009
300
_a
585
942
_2
ddc
_c
BK
_0
1
999
_c
7042
_d
7042